Návrh marketingovej stratégie podniku HASTEX, s.r.o.

Guardado en:
Detalles Bibliográficos
Autor principal: Požgayová, Ivana, 1985- (Autor)
Otros Autores: Ščepka, Igor, 1946- (Orientador)
Formato: Manuscrito Libro
Lenguaje:eslovaco
Publicado: Bratislava : STU v Bratislave SjF, 2010
Materias:
Acceso en línea:VAIS
Etiquetas: Agregar Etiqueta
Sin Etiquetas, Sea el primero en etiquetar este registro!

MARC

LEADER 00000ntm a22000003a 4500
001 stu218865
005 20150617230115.3
008 101207s2010----xo------------------slo-d
040 |a STU  |b slo 
041 0 |a slo 
044 |a xo 
100 1 |a Požgayová, Ivana,  |d 1985-  |4 aut  |u J0070  |U SjF Strojnícka fakulta  |T SjF Ústav výrobných systémov, enviromentálnej techniky a manažment kvality  |X 13022  |U J0070  |Y 804  |7 A000013022 
242 0 0 |a Proposal of marketing strategy of company Hastex Ltd.  |y eng 
245 1 |a Návrh marketingovej stratégie podniku HASTEX, s.r.o. 
260 |a Bratislava :  |b STU v Bratislave SjF,  |c 2010 
650 7 |a kvalita produkcie v strojárskych podnikoch  |2 stusub 
650 7 |a Quality of Production in Engineering Enterprises  |2 estusub 
650 7 |a marketing strategy  |2 estusub 
650 7 |a marketing  |2 estusub 
650 7 |a malé a stredné podniky  |2 stusub 
650 7 |a marketingová stratégia  |2 stusub 
700 1 |a Ščepka, Igor,  |d 1946-  |4 ths  |u J0070  |U SjF Strojnícka fakulta  |T SjF Ústav výrobných systémov, enviromentálnej techniky a manažment kvality  |X 2466  |U J0070  |Y 804  |7 A000002466 
856 4 |a info a plný text  |u http://is.stuba.sk/zp/portal_zp.pl?podrobnosti=74373  |3 VAIS 
996 |b 284J039132  |c J*1000/DP  |l JJSK  |s A  |a 24  |w stu218865_0001